000 00943nam a22002297a 4500
005 20230320095317.0
008 230313b ||||| |||| 00| 0 eng d
020 _a9780071271783
040 _cAL
041 _aeng
082 _223
_a302.35
_bMCSO
100 _aSteven L Mcshane
_975204
245 _aOrganizational behavior
_b: Essentials
250 _a2nd ed.
260 _aNew York
_bMcGraw Hill
_c2009
300 _axxi,398p.
_bPB
_c25.5x20cm.
365 _2General
_aABDI/0592/22
_b₹2996.00
_c
_d₹3995.00
_e25%
_f29-08-2023
520 _aIntroduction to the field of organizational behavior; individual behavior and processes; perception and learning in organizations; workplace emotions attitudes and stress; employee motivation; decision making and creativity; team processes; communicating in teams and organizations.
650 _aOrganizational Behavior
_975205
700 _aGlinow, Mary Ann Von
_975206
942 _2ddc
_cBK
999 _c227015
_d227015